[Event "Eikrem mem"]
[Site "Gausdal"]
[Date "1998.08.08"]
[Round "8"]
[White "Dannevig, Oystein"]
[Black "Lehikoinen, Pertti Ilari"]
[Result "1-0"]
[WhiteElo "2340"]
[BlackElo "2235"]

1.Nf3 d5 2.g3 Nf6 3.Bg2 c6 4.O-O Bg4 5.d3 Nbd7 6.Qe1 e5 7.e4 dxe4 8.dxe4 Bxf3
9.Bxf3 Bc5 10.a4 O-O 11.a5 Qe7 12.Nd2 b5 13.Nb3 Bd6 14.Be3 c5 15.c4 Rab8
16.Qc1 Qe6 17.Qc2 b4 18.Rad1 Rbc8 19.Rd3 Rc6 20.Rfd1 Rfc8 21.Bg2 Nf8 22.f3 R8c7
23.Bf1 Be7 24.Rd5 Qc8 25.Rxe5 Ng6 26.Rf5 Rd6 27.Bh3 Qf8 28.e5 Rxd1+ 29.Qxd1 Nd7
30.Qd5 Ndxe5 31.Rxe5 Nxe5 32.Qxe5 Bd6 33.Qd5 h6 34.Nd2 Qe8 35.Ne4 Bf8 36.Bxh6 Qa4
37.Nf6+ gxf6 38.Qd8 Rc8 39.Bxc8 Qa1+ 40.Kg2 Qxb2+ 41.Kh3  1-0

[Event "MK Cafe Cup-A"]
[Site "Koszalin"]
[Date "1998.08.08"]
[Round "6"]
[White "McNab, Colin Anderson"]
[Black "Rozentalis, Eduardas"]
[Result "0-1"]
[WhiteElo "2445"]
[BlackElo "2575"]

1.Nf3 d5 2.g3 c6 3.Bg2 Nf6 4.d3 Bg4 5.h3 Bxf3 6.Bxf3 Nbd7 7.Nd2 e6 8.e4 Bc5
9.Qe2 Qc7 10.c3 dxe4 11.dxe4 Ne5 12.Nc4 Nxc4 13.Qxc4 Nd7 14.Bf4 Bd6 15.Bxd6 Qxd6
16.Qd4 Qxd4 17.cxd4 c5 18.dxc5 Nxc5 19.O-O Ke7 20.b4 Nd3 21.Be2 Rhd8 22.Rfd1 Ne5
23.a3 Rxd1+ 24.Rxd1 Rc8 25.f4 Rc2 26.fxe5 Rxe2 27.Rc1 Kd7 28.Rf1 Ke8 29.Rc1 Re3
30.Kf2 Rxa3 31.Rc8+ Kd7 32.Rf8 Ke7 33.Rb8 g5 34.Rxb7+ Kf8 35.Rb8+ Kg7 36.Ra8 h5
37.h4 g4 38.b5 Rf3+ 39.Ke2 Rb3 40.Rxa7 Rxb5 41.Ke3 Rb3+ 42.Kf2 Rb2+ 43.Kf1 Rb4
44.Kf2 Rxe4 45.Ra5 Kg6 46.Rb5 Ra4 47.Rc5 Ra2+ 48.Kf1 Ra3 49.Kg2 Rf3 50.Rc7 Rf5
51.Rc5 f6  0-1

[Event "MK Cafe Cup-A"]
[Site "Koszalin"]
[Date "1998.08.09"]
[Round "7"]
[White "Kengis, Edvins"]
[Black "Khenkin, Igor"]
[Result "1/2-1/2"]
[WhiteElo "2570"]
[BlackElo "2600"]

1.Nf3 d5 2.g3 c6 3.Bg2 Bg4 4.c4 e6 5.cxd5 Bxf3 6.Bxf3 cxd5 7.O-O Nc6 8.d3 Nf6
9.Nc3 Bc5 10.Bd2 a6 11.Rc1 Ba7 12.a3 O-O 13.Bg2 Qe7 14.b4  1/2-1/2

[Event "MK Cafe Cup-A"]
[Site "Koszalin"]
[Date "1998.08.11"]
[Round "9"]
[White "Vaulin, Alexander"]
[Black "Hansen, Sune Berg"]
[Result "1/2-1/2"]
[WhiteElo "2550"]
[BlackElo "2520"]

1.g3 d5 2.Nf3 c6 3.Bg2 Bg4 4.c4 e6 5.cxd5 Bxf3 6.Bxf3 cxd5 7.O-O Nf6 8.Nc3 Nc6
9.d3 Bc5 10.a3 Rc8 11.Bg2 a6 12.Bd2 O-O 13.b4 Ba7 14.b5 axb5 15.Nxb5 Bb8
16.Rb1 Qe7 17.a4 h6 18.Qb3 Be5 19.e3 Ra8 20.Rfc1 Rfd8 21.d4 Bb8 22.Be1 Rd7
23.Rc2 h5 24.h3 e5 25.dxe5 Bxe5 26.Bc3 Bxc3 27.Rxc3 Ne4 28.Rc2 Rad8 29.Rd1 Na5
30.Qa3 Qg5 31.Bxe4 dxe4 32.Rxd7 Rxd7 33.Rc8+ Kh7 34.Nc3 Nc6 35.Qf8 Ne5 36.Kg2 Qf6
37.Qb4 Qf3+ 38.Kg1 f5 39.Qf8 Rd2 40.Qg8+ Kg6 41.Qe6+ Kh7 42.Qg8+ Kh6 43.Qe6+ Kh7  1/2-1/2

[Event "AZ Sanace Cup"]
[Site "Olomouc"]
[Date "1998.08.12"]
[Round "5"]
[White "Mirumian, Vigen"]
[Black "Zurek, Milan"]
[Result "1/2-1/2"]
[WhiteElo "2470"]
[BlackElo "2455"]

1.Nf3 d5 2.g3 c6 3.Bg2 Bg4 4.b3 Nd7 5.Bb2 e6 6.O-O h5 7.d3 Bxf3 8.Bxf3 h4
9.Nd2 Qg5 10.Bg2 hxg3 11.hxg3 Ngf6 12.Nf3 Qh5 13.Qd2 Be7 14.c4 O-O-O 15.Rfc1 Kb8
16.b4 e5 17.cxd5 Nxd5 18.Rc4 f6 19.Rh4 Qf7 20.Rxh8 Rxh8 21.a3 g5 22.e4 N5b6
23.Qc2 c5 24.bxc5 Bxc5 25.a4 g4 26.Nh4 Rc8 27.a5 Na8 28.Nf5 Nc7 29.d4 exd4
30.e5 Nb5 31.Qe2 Qb3 32.Qe4 Rc7 33.Bxd4 fxe5 34.Rb1 Qc4 35.Bxc5 Qxe4 36.Bxe4 Rxc5
37.Ne3 Nf6 38.Bf5 Nd4 39.a6 b5 40.Bxg4 Nxg4 41.Nxg4 Kc7 42.Kg2 Kb6 43.Re1 Nc6
44.Nf6 Kxa6 45.g4 b4 46.g5 Ne7 47.Nd7 Rd5 48.Nxe5 Ng6 49.f4 Nxf4+ 50.Kf3 Nd3
51.Nxd3 Rxd3+ 52.Kf4 Kb5 53.g6 Rd8 54.g7 a5 55.Re5+ Ka4 56.Rg5 Rg8 57.Ke3 Kb3
58.Kd2 Kb2 59.Kd3 a4 60.Kc4 Ka3 61.Rg3+ b3 62.Kb5 Rb8+ 63.Ka5 Ra8+ 64.Kb5 Rg8
65.Ka5 Ka2 66.Kxa4 b2 67.Ra3+ Kb1 68.Rg3 Ra8+ 69.Kb4 Ka1 70.Ra3+ Rxa3 71.Kxa3 b1=Q
72.g8=Q  1/2-1/2

[Event "FRA-ch"]
[Site "Meribel"]
[Date "1998.08.16"]
[Round "3"]
[White "Anic, Darko"]
[Black "Marciano, David"]
[Result "1/2-1/2"]
[WhiteElo "2460"]
[BlackElo "2525"]

1.Nf3 d5 2.g3 Bg4 3.Bg2 Nd7 4.d4 e6 5.c4 c6 6.Nbd2 Ngf6 7.O-O Bd6 8.b3 Qe7
9.Bb2 O-O 10.Re1 Rfd8 11.a3 e5 12.dxe5 Nxe5 13.cxd5 cxd5 14.Nd4 Qd7 15.Qb1 Rac8
16.Nf1 g6 17.Qd1 Bh3 18.f4 Bxg2 19.Kxg2 Neg4 20.h3 Nh6 21.Nf3 Be7 22.Ne3 Nf5
23.Nxf5 Qxf5  1/2-1/2

[Event "GER-ENG (Women)"]
[Site "Dresden"]
[Date "1998.08.18"]
[Round "3"]
[White "Lauterbach, Ingrid"]
[Black "Koglin, Anke"]
[Result "0-1"]
[WhiteElo "2170"]
[BlackElo "2270"]

1.Nf3 d5 2.g3 c6 3.Bg2 Bg4 4.b3 Nd7 5.Bb2 Ngf6 6.O-O e6 7.d3 Bd6 8.Nbd2 O-O
9.Qe1 Re8 10.e4 e5 11.h3 Bh5 12.Nh4 a5 13.a4 Bb4 14.c3 Bf8 15.exd5 cxd5 16.c4 Nc5
17.Bxe5 Nxd3 18.Bxf6 Qxf6 19.Qb1 Be2 20.cxd5 Bc5 21.Ne4 Rxe4 22.Bxe4 Bxf1
23.Qxf1 Nxf2 24.Bg2 g5 25.Nf3 Nxh3+ 26.Kh2 Nf2 27.Rc1 Qh6+ 28.Bh3 Ng4+ 29.Kh1 Ne3
30.Qg1 Qxh3+ 31.Qh2 Qxh2+ 32.Kxh2 b6 33.Nxg5 Re8 34.d6 Bxd6 35.Rc6 Bc5 36.Kh3 Kg7
37.g4 Re5 38.Nf3 Re6 39.Rc8 Rh6+ 40.Kg3 Bd6+ 41.Kf2 Nxg4+ 42.Kg2 Bc5 43.Ng5 Rg6  0-1

[Event "FRA-ch"]
[Site "Meribel"]
[Date "1998.08.18"]
[Round "5"]
[White "Dorfman, Josif D"]
[Black "Guigonis, Dominique"]
[Result "1-0"]
[WhiteElo "2585"]
[BlackElo "2315"]

1.Nf3 d5 2.g3 Nd7 3.d4 e6 4.Bg2 Ngf6 5.O-O Bd6 6.Nc3 a6 7.e4 Nxe4 8.Nxe4 dxe4
9.Ng5 f5 10.f3 exf3 11.Nxe6 Qe7 12.Re1 Ne5 13.dxe5 Bb4 14.Nxg7+ Qxg7 15.Bxf3 Bxe1
16.Bh5+ Ke7 17.Qxe1 a5 18.Qc3 Ra6 19.Qxc7+ Bd7 20.Qc5+ Kd8 21.Bd2 Rc6 22.Qxa5+ Ke7
23.Bb4+  1-0

[Event "Rubinstein mem 35th"]
[Site "Polanica Zdroj"]
[Date "1998.08.18"]
[Round "2"]
[White "Markowski, Tomasz"]
[Black "Rublevsky, Sergei"]
[Result "0-1"]
[WhiteElo "2525"]
[BlackElo "2685"]

1.Nf3 d5 2.g3 Bg4 3.Bg2 Nd7 4.c4 e6 5.cxd5 exd5 6.O-O c6 7.d3 Bd6 8.Qc2 Ne7
9.e4 O-O 10.Nc3 Nc5 11.exd5 Nxd5 12.Nxd5 cxd5 13.d4 Ne4 14.Qb3 Qa5 15.Be3 Rfc8
16.Ne5 Be6 17.Rfc1 Bxe5 18.dxe5 d4 19.Qxb7 dxe3 20.Qxe4 exf2+ 21.Kxf2 Rxc1
22.Rxc1 Qd2+ 23.Qe2 Qxc1 24.Bxa8 Bc4 25.Qe4 Qxb2+ 26.Kf3 Qc3+ 27.Kg4 Be6+
28.Kf4 Qd2+ 29.Qe3 Qxe3+ 30.Kxe3 Bxa2 31.Kd4 a5 32.Kc5 Bb3 33.Kb5 a4 34.Kb4 Kf8
35.Bf3 Ke7 36.Bg4 Be6 37.Be2 Bb3 38.Bg4 f6 39.exf6+ Kxf6 40.Be2 Ke5 41.Bd3 h6
42.Kc3 Be6  0-1

[Event "FRA-ch"]
[Site "Meribel"]
[Date "1998.08.20"]
[Round "7"]
[White "Anic, Darko"]
[Black "Miralles, Gilles"]
[Result "1-0"]
[WhiteElo "2460"]
[BlackElo "2515"]

1.Nf3 d5 2.g3 c6 3.Bg2 Bf5 4.d3 e6 5.Nbd2 Nf6 6.O-O Be7 7.b3 Nbd7 8.Bb2 h6
9.e4 Bh7 10.e5 Nh5 11.Nd4 g6 12.c4 Ng7 13.cxd5 cxd5 14.N2f3 g5 15.Nb5 O-O
16.Rc1 a6 17.Nd6 Nxe5 18.Nxb7 Nxf3+ 19.Qxf3 Qb6 20.Nc5 Rfd8 21.Na4 Qb7 22.Qe3 Rac8
23.Nb6 Rxc1 24.Rxc1 Bf8 25.g4 Qb8 26.Bf6 d4 27.Bxd4 Bd6 28.Qh3 Bf4 29.Qxh6 Rxd4
30.Rc8+ Qxc8 31.Nxc8 Rd7 32.Be4 Bxe4 33.dxe4 Rc7 34.Nb6 Ne8 35.Nc4 f6 36.Qg6+ Kf8
37.e5 Rg7 38.Qe4 Rf7 39.h4 f5 40.gxf5 Rxf5 41.hxg5  1-0

[Event "Rubinstein mem 35th"]
[Site "Polanica Zdroj"]
[Date "1998.08.20"]
[Round "4"]
[White "Markowski, Tomasz"]
[Black "Krasenkow, Michal"]
[Result "1/2-1/2"]
[WhiteElo "2525"]
[BlackElo "2655"]

1.Nf3 d5 2.g3 Bg4 3.Bg2 Nd7 4.c4 e6 5.cxd5 exd5 6.O-O c6 7.d3 Bd6 8.Qc2 Ne7
9.e4 O-O 10.Nc3 Nc5 11.Be3 Ne6 12.exd5 cxd5 13.Nb5 Nf5 14.Qa4 Nxe3 15.fxe3 Bf5
16.Ne5 Bxe5 17.Rxf5 Bxb2 18.Rb1 Bf6 19.Rxd5 Qe7 20.Qa3 Rfe8 21.Qxe7 Rxe7
22.Nd6 b6 23.Ne4 Rc8 24.Nxf6+ gxf6 25.Rf5 Rc3 26.Rd1 Nc7 27.Be4 Rc2 28.Rf2 Rxf2
29.Kxf2 Re5 30.Rc1 Ne6 31.Bg2 Ra5 32.Rc2 Kf8 33.d4 Ke7 34.Bf1 Kd6 35.Bc4 b5
36.Bd3 h6 37.Ke2 Nc7 38.Rb2 a6 39.Bc2 Ra3 40.Bb3 Ne6 41.Kf3 f5 42.Ke2 b4
43.Bc2 Nc7 44.Bb3 Nd5 45.Bxd5 Kxd5 46.Rxb4 Ke4 47.d5+ Kxd5 48.Rd4+ Ke5 49.Rd2 Ke4  1/2-1/2

[Event "Mislata op7th"]
[Site "Valencia"]
[Date "1998.08.20"]
[Round "8.11"]
[White "Gonzales, Jorge A"]
[Black "Martinez Torho, Jorge"]
[Result "1-0"]
[WhiteElo "2385"]
[BlackElo "2100"]

1.Nf3 d5 2.g3 g6 3.Bg2 Bg7 4.c4 c6 5.O-O e5 6.Qc2 Ne7 7.d3 O-O 8.Nc3 b6 9.Rb1 h6
10.b4 Be6 11.Nd2 f5 12.a4 Nd7 13.b5 d4 14.Nd1 Rc8 15.e3 f4 16.exd4 exd4 17.Re1 Ne5
18.bxc6 N7xc6 19.Ba3 Rf7 20.Rb5 Qd7 21.f3 Bf5 22.Nf2 g5 23.g4 Bg6 24.Nde4 Bf8
25.Qa2 Bxe4 26.Rxe4 Bxa3 27.Qxa3 Qe7 28.Qa2 Kg7 29.h3 Qc7 30.Qb2 Rd8 31.Qd2 Nd7
32.h4 a6 33.Rd5 Nf6 34.hxg5 Nxd5 35.gxh6+ Kxh6 36.cxd5 Ne7 37.Re6+ Kg7 38.Ne4 Nxd5
39.Qb2 Nc3 40.Ng5 Re7 41.Qf2 Rd6 42.Qh4 Rdxe6 43.Qh7+ Kf6 44.Qf5+ Kg7 45.Nxe6+ Rxe6
46.Qxe6 Nxa4 47.g5 Kf8 48.Qf6+ Qf7 49.Qh8+ Ke7 50.Qxd4 Nc5 51.Bh3 Qg6 52.Qe5+ Kd8
53.d4 Nd3 54.Qd5+ Ke7 55.Kf1 Nb4 56.Qe5+ Kd8 57.Qxf4 Nd5 58.Qf8+ Kc7 59.Qc8+  1-0

[Event "Hampstead GM3"]
[Site "Hampstead"]
[Date "1998.08.21"]
[Round "11"]
[White "Dunnington, Angus J"]
[Black "Kaufman, Raymond"]
[Result "1-0"]
[WhiteElo "2365"]
[BlackElo "2230"]

1.Nf3 d5 2.g3 Nf6 3.Bg2 Nc6 4.d4 Bf5 5.O-O e6 6.c4 dxc4 7.Qa4 Qd7 8.Qxc4 Bd6
9.Nbd2 O-O 10.Nb3 Rad8 11.Bg5 Qe7 12.Nh4 h6 13.Bxf6 Qxf6 14.e4 Bh7 15.e5 Nxe5
16.dxe5 Bxe5 17.Rad1 c6 18.Nc5 b5 19.Qe2 Bd4 20.b4 Bxc5 21.bxc5 g5 22.Nf3 Qc3
23.Ne5 Bc2 24.Rd6 Rxd6 25.cxd6 Bf5 26.Nxc6  1-0

[Event "Hampstead GM3"]
[Site "Hampstead"]
[Date "1998.08.23"]
[Round "13"]
[White "Szekely, Peter"]
[Black "Kaufman, Raymond"]
[Result "1/2-1/2"]
[WhiteElo "2465"]
[BlackElo "2230"]

1.Nf3 d5 2.g3 Nf6 3.Bg2 Bg4 4.O-O c6 5.d3 Nbd7 6.Nbd2 e5 7.e4 dxe4 8.dxe4 Be7
9.Qe2 O-O 10.b3 Qc7 11.Bb2 Rfe8 12.Rad1 Rad8 13.h3 Bh5 14.Rfe1 Bf8 15.a3 b5
16.Nf1 Bxf3 17.Qxf3 Nc5 18.Rxd8 Rxd8 19.Qc3 Nfd7 20.Nd2 Ne6 21.Nf3 Bc5 22.Rd1 Nd4
23.Kh2 Bb6 24.Rd2  1/2-1/2

[Event "Rubinstein mem 35th"]
[Site "Polanica Zdroj"]
[Date "1998.08.23"]
[Round "6"]
[White "Markowski, Tomasz"]
[Black "Shirov, Alexei"]
[Result "0-1"]
[WhiteElo "2525"]
[BlackElo "2720"]

1.Nf3 d5 2.g3 Bg4 3.Bg2 Nd7 4.c4 e6 5.cxd5 exd5 6.O-O Ngf6 7.d3 c6 8.Qc2 Bc5
9.e4 O-O 10.h3 Bh5 11.Nbd2 dxe4 12.dxe4 Re8 13.b3 Qe7 14.Bb2 Nxe4 15.Rae1 Bg6
16.Nh4 Bxf2+ 17.Rxf2 Nxf2 18.Rxe7 Bxc2 19.Rxd7 Rad8 20.Rxd8 Rxd8 21.Nc4 Nd3
22.Ba3 b5 23.Na5 b4 24.Nxc6 bxa3 25.Nxd8 Nb4 26.Nf3 Nxa2 27.Nc6 Be4 28.Nfd4 Bxc6
29.Nxc6 a5 30.b4 axb4  0-1

[Event "FRA-ch"]
[Site "Meribel"]
[Date "1998.08.24"]
[Round "11"]
[White "Anic, Darko"]
[Black "Dorfman, Josif D"]
[Result "0-1"]
[WhiteElo "2460"]
[BlackElo "2585"]

1.Nf3 d5 2.g3 g6 3.Bg2 Bg7 4.d4 c6 5.Nbd2 Nf6 6.O-O O-O 7.c3 Na6 8.Re1 c5
9.dxc5 Nxc5 10.Nb3 Nce4 11.Ng5 Nd6 12.Bxd5 h6 13.Nf3 a5 14.e4 a4 15.Nbd4 Nxd5
16.exd5 Ra5 17.Qe2 Re8 18.c4 Bg4 19.h3 Bxf3 20.Nxf3 Rc5 21.Nd2 Qc8 22.Rb1 Nxc4
23.Nxc4 Rxc4 24.Be3 Rb4 25.h4 Qd7 26.Qd2 Rb5 27.Red1 h5 28.Qc2 Ra8 29.b4 Rxd5
30.Rxd5 Qxd5 31.Rd1 Qe6 32.Qc7 Qxa2 33.Qxb7 Rf8 34.Qxe7 Qb3 35.Rd2 a3 36.Qa7 Qxb4
37.Kh2 Re8 38.Rd7 Qb3 39.Rb7 Qd5 40.Qa6 a2  0-1

[Event "Wiesbaden op"]
[Site "Wiesbaden"]
[Date "1998.08.25"]
[Round "5"]
[White "Gutman, Lev"]
[Black "Lobzhanidze, Davit"]
[Result "1/2-1/2"]
[WhiteElo "2480"]
[BlackElo "2455"]

1.Nf3 d5 2.g3 c6 3.Bg2 Bg4 4.c3 Nd7 5.Qb3 Qb6 6.d3 e5 7.O-O Ngf6 8.Qc2 Bd6
9.e4 O-O 10.h3 Bh5 11.Nh4 Rfe8 12.Nf5 Bf8 13.Ne3 dxe4 14.dxe4 Bg6 15.b4 c5
16.a3 Rac8 17.Qa4 Nb8 18.Nd2 cxb4 19.axb4 a6 20.Bb2 Red8 21.Rfd1 Rd3 22.Ndc4 Rxd1+
23.Rxd1 Qe6 24.Nd2 b5 25.Qa1 Rd8 26.Nd5 Nxd5 27.exd5 Rxd5 28.Bxd5 Qxd5 29.Nf1 Qf3
30.Nh2 Qf5 31.g4 Qc8 32.Bc1 Be4 33.Be3 Bb7 34.Qc1 Qc6 35.f3 e4 36.f4 Be7
37.Qd2 h6 38.Qd4 Kh7 39.Nf1 Bf6 40.Qc5 Qxc5 41.Bxc5 Bxc3 42.Rc1 Bf6 43.Ne3 Nc6
44.Rd1 a5 45.Rd7 Ba8 46.bxa5 Nxa5 47.Ra7 Nb3 48.Bb6 Bc6 49.Kf2 Nc1 50.Rc7 Nd3+
51.Kg3 Ba8 52.Ra7 Bc6 53.Nf5 b4 54.Bd4 Bxd4 55.Nxd4 Bd5 56.Rd7 Bc4 57.Rb7 Bd5
58.Rb5 Bc4 59.Rb6 f6 60.Nc6 b3 61.Na5 e3 62.Kf3 e2 63.Kxe2 Nxf4+ 64.Kf3 Nd5
65.Rb8 Bf1 66.h4 h5 67.gxh5 f5 68.Nxb3 Bh3 69.Nd4 Bg4+ 70.Kg3 Nf6 71.Kf4 Nxh5+
72.Kg5 Nf6 73.Ne6 Ne4+ 74.Kf4 Kg6 75.Rb7 Nd6 76.Ra7 Nf7 77.Nf8+ Kf6 78.Ra6+ Ke7
79.Ng6+ Kd7 80.Rb6 Bh3 81.Rb3 Bg4  1/2-1/2

[Event "Rubinstein mem 35th"]
[Site "Polanica Zdroj"]
[Date "1998.08.26"]
[Round "9"]
[White "Markowski, Tomasz"]
[Black "Oll, Lembit"]
[Result "1/2-1/2"]
[WhiteElo "2525"]
[BlackElo "2650"]

1.g3 d5 2.Nf3 c5 3.Bg2 g6 4.O-O Bg7 5.d4 cxd4 6.Nxd4 e5 7.Nb3 Ne7 8.c4 d4
9.e3 O-O 10.exd4 exd4 11.Na3 Nbc6 12.Bf4 a6 13.Qd2 Re8 14.Rfe1 Nf5 15.Rxe8+ Qxe8
16.Re1 Qf8 17.Na5 Nxa5 18.Qxa5 d3 19.Be5 Bxe5 20.Qxe5 Be6 21.Rd1 Rd8 22.Bxb7 d2
23.Qc3 Qe7 24.Bg2 Nd4 25.Rxd2 Bh3 26.Kf1 Re8 27.Nc2 Qe4 28.f3 Nxf3 29.Bxh3 Nxd2+
30.Qxd2 Qxc4+ 31.Kf2 Qxa2 32.Ne3 Rb8 33.Nd1 a5 34.Bg2 Qc4 35.Bd5 Qc5+ 36.Kg2 Rb4
37.Nc3 Rd4 38.Qg5 Qc7 39.Qe3 Rb4  1/2-1/2

[Event "Schwarzach opB"]
[Site "Schwarzach"]
[Date "1998.08.26"]
[Round "5"]
[White "Berti, Rudolf"]
[Black "Aigner, Matthias"]
[Result "1-0"]
[WhiteElo "1788"]
[BlackElo "1847"]

1.Nf3 d5 2.g3 Nf6 3.Bg2 Bf5 4.d3 e6 5.O-O Be7 6.Nbd2 O-O 7.Nh4 Bg4 8.c4 c6
9.Nhf3 Nbd7 10.Rb1 a5 11.Nb3 a4 12.Na1 Qc7 13.b4 axb3 14.axb3 Ra2 15.Nc2 Rfa8
16.Bd2 e5 17.h3 Bh5 18.g4 Bg6 19.Nb4 Bxb4 20.Bxb4 c5 21.Bc3 d4 22.Bd2 e4
23.Nh4 exd3 24.Nxg6 hxg6 25.exd3 Ne5 26.Bf4 Nfd7 27.b4 R8a3 28.bxc5 Nxc5
29.Bxe5 Qxe5 30.Re1 Qf4 31.Re8+ Kh7 32.Qf3 Qxf3 33.Bxf3 Rxd3 34.Bxb7 Nxb7
35.Rxb7 Rd1+ 36.Kg2 Rdd2 37.g5 Rxf2+ 38.Kg3 Rg2+ 39.Kh4 Raf2 40.Re4 Rf5 41.Rxd4 Rfxg5
42.Rb5 Rxb5 43.cxb5 g5+  1-0

[Event "Schwarzach opA"]
[Site "Schwarzach"]
[Date "1998.08.29"]
[Round "8"]
[White "Staller, Peter"]
[Black "Burmakin, Vladimir"]
[Result "0-1"]
[WhiteElo "2300"]
[BlackElo "2560"]

1.g3 d5 2.Nf3 c6 3.b3 Bg4 4.Bg2 Nd7 5.Bb2 Ngf6 6.O-O e6 7.d3 Bd6 8.Nbd2 O-O
9.e4 e5 10.h3 Bh5 11.Qe1 Re8 12.Nh4 a5 13.a4 Bb4 14.Qc1 dxe4 15.dxe4 Nc5
16.c3 Nd3 17.Qc2 Bc5 18.Nc4 b5 19.axb5 cxb5 20.Nxa5 Bxf2+ 21.Kh2 Bxg3+ 22.Kxg3 Nxb2
23.b4 Nd3 24.Nf5 Nf4 25.Nb7 Qb8 26.Nbd6 Rd8 27.Bh1 h6 28.Rxa8 Qxa8 29.Rf2 Qa6
30.Rd2 Kh7 31.Nc4 Qa1 32.Kh2 Qf1 33.Rxd8 Qxh3+ 34.Kg1 Ne2+  0-1

[Event "Taufkirchen"]
[Site "Taufkirchen"]
[Date "1998.08.30"]
[Round "6"]
[White "Baumgartner, Heinz"]
[Black "Lautner, Josef"]
[Result "0-1"]
[WhiteElo "2323"]
[BlackElo "2084"]

1.Nf3 d5 2.g3 c6 3.Bg2 Bg4 4.b3 Nd7 5.Bb2 e6 6.d3 f5 7.Nbd2 Ngf6 8.O-O Bc5
9.Qe1 O-O 10.h3 Bh5 11.e4 dxe4 12.dxe4 Qc7 13.e5 Nd5 14.c4 Nb4 15.Qe2 a5
16.a3 Na6 17.Bc3 Qd8 18.Nb1 h6 19.Qb2 Bxf3 20.Bxf3 Qg5 21.Kg2 f4 22.Nd2 fxg3
23.fxg3 Rf7 24.b4 Be7 25.Rae1 Raf8 26.Ne4 Qg6 27.Qe2 Rf5 28.Nd6 Rg5 29.g4 h5
30.h4 hxg4 31.hxg5 gxf3+ 32.Rxf3 axb4 33.axb4 Rxf3 34.Qxf3 Qxg5+ 35.Qg3 Qxg3+
36.Kxg3 Bxd6 37.exd6 Kf7 38.Rd1 c5 39.b5 Nab8 40.Rf1+ Nf6 41.Kf4 Nbd7 42.Ba5 e5+
43.Kf5 b6 44.Bc3 g6+ 45.Kg5 Ke6 46.Kxg6 Ne4 47.Bb2 Nxd6 48.Rc1 Nf6 49.Rf1 Nfe4
50.Re1 Nxc4 51.Rxe4 Nxb2 52.Re2 Na4 53.Kg5 Kd5 54.Re1 Nb2 55.Ra1 c4 56.Ra8 Nd3
57.Kf5 c3 58.Rd8+ Kc4 59.Ke4 c2  0-1

[Event "Krynica zt"]
[Site "Krynica"]
[Date "1998.09.03"]
[Round "2"]
[White "Markowski, Tomasz"]
[Black "Hracek, Zbynek"]
[Result "1/2-1/2"]
[WhiteElo "2525"]
[BlackElo "2615"]

1.g3 d5 2.Nf3 Bg4 3.Bg2 Nd7 4.c4 e6 5.cxd5 exd5 6.O-O Ngf6 7.d3 c6 8.Qc2 Bc5
9.e4 dxe4 10.dxe4 O-O 11.Nc3 Re8 12.Bf4 Nh5 13.Bg5 Qc7 14.Na4 Bf8 15.Nd4 Nhf6
16.Nc3 Qa5 17.Be3 Rad8 18.h3 Bh5 19.a3 Ne5 20.Nb3 Qa6 21.f4 Nd3  1/2-1/2

[Event "Krynica zt"]
[Site "Krynica"]
[Date "1998.09.05"]
[Round "4"]
[White "Badea, Bela"]
[Black "Hracek, Zbynek"]
[Result "1/2-1/2"]
[WhiteElo "2530"]
[BlackElo "2615"]

1.Nf3 d5 2.g3 Nf6 3.Bg2 Bf5 4.O-O e6 5.d3 Nbd7 6.Nfd2 Bc5 7.Nc3 O-O 8.e4 Bg4
9.Qe1 c6 10.h3 Bh5 11.Kh1 dxe4 12.Ncxe4 Be7 13.Nxf6+ Nxf6 14.Nc4 Nd5 15.Qe5 Bg6
16.Qe2 Qc7 17.Re1 Rfe8 18.Bd2 Bf8 19.Ne5 Bf5 20.g4 Bg6 21.c4 Nb4 22.Bc3 Rad8
23.Red1 Na6 24.d4 Bb4 25.Bxb4 Nxb4 26.Rd2 f6 27.Nxg6 hxg6 28.a3 Na6 29.b4 Nb8
30.Qe3 g5 31.Re1 Kf7 32.a4  1/2-1/2

[Event "Krynica zt"]
[Site "Krynica"]
[Date "1998.09.05"]
[Round "4"]
[White "Markowski, Tomasz"]
[Black "Horvath, Csaba"]
[Result "0-1"]
[WhiteElo "2525"]
[BlackElo "2540"]

1.g3 d5 2.Nf3 g6 3.c4 c6 4.Qa4 e6 5.Bg2 Bg7 6.O-O Nf6 7.cxd5 exd5 8.d3 O-O
9.Nc3 Bg4 10.Nd4 Qc8 11.Nb3 Re8 12.Be3 Bh3 13.Rac1 Qf5 14.Qf4 Qxf4 15.Bxf4 Bxg2
16.Kxg2 Nh5 17.Be3 f5 18.Rc2 Nd7 19.Bd4 Nhf6 20.Na5 Rab8 21.b4 a6 22.Na4 Re7
23.Rb1 Nf8 24.e3 Ne6 25.Be5 Nc7 26.Bf4 Nh5 27.Bxc7 Rxc7 28.Nc5 d4 29.e4 fxe4
30.dxe4 Nf6 31.f3 g5 32.Rd1 g4 33.Nc4 gxf3+ 34.Kxf3 Re7 35.Nd6 Rf8 36.Nf5 Nxe4
37.Kg4 Re5 38.Nxg7 Kxg7 39.Rxd4 Nf2+ 40.Kh4 Rf6 41.g4 Re3 42.Rcd2 Kg6 43.Rxf2 Rxf2
44.Rd6+ Kf7 45.Nxb7 Rxh2+ 46.Kg5 Re5+ 47.Kf4 Rb5 48.Nc5 Rxb4+ 49.Kf5 Rb5
50.Rxc6 Rc2  0-1

[Event "CRO-chT"]
[Site "Porec"]
[Date "1998.09.06"]
[Round "2"]
[White "Galic, Zeljko"]
[Black "Zaja, Ivan"]
[Result "0-1"]
[WhiteElo "2365"]
[BlackElo "2445"]

1.Nf3 d5 2.g3 Bg4 3.Bg2 Nd7 4.d4 e6 5.Nbd2 Ngf6 6.O-O Be7 7.Re1 O-O 8.e4 Bh5
9.c3 c6 10.Qb3 Qb6 11.exd5 cxd5 12.Nf1 Bg6 13.Bf4 h6 14.Ne5 Nxe5 15.Bxe5 Nd7
16.Bf4 Rfe8 17.Nd2 a5 18.Bf1 Rec8 19.Qb5 Qxb5 20.Bxb5 Nb8 21.Bxb8 Raxb8 22.a4 Rc7
23.Nf3 Be4 24.Nd2 Bf5 25.f3 h5 26.Nf1 g5 27.Ne3 Bg6 28.f4 gxf4 29.gxf4 Be4
30.Nf1 Bh4 31.Ng3 f5 32.Re3 Rg7 33.Kf1 Kf7 34.Be2 Rbg8 35.Bxh5+ Ke7 36.Ke2 Rh8
37.Bf3 Bxg3 38.hxg3 Rh2+ 39.Kf1 Bxf3  0-1

[Event "CRO-chT"]
[Site "Porec"]
[Date "1998.09.09"]
[Round "4"]
[White "Sulava, Nenad"]
[Black "Begovac, Franja"]
[Result "1-0"]
[WhiteElo "2380"]
[BlackElo "2430"]

1.Nf3 d5 2.g3 Bg4 3.Bg2 c6 4.O-O Nd7 5.d4 e6 6.Nbd2 Ngf6 7.Re1 Be7 8.e4 dxe4
9.Nxe4 O-O 10.Ned2 Nb6 11.c3 a5 12.a4 Nbd5 13.Nc4 Nd7 14.Qb3 Rb8 15.Ne3 Nxe3
16.Bxe3 Bxf3 17.Bxf3 Qb6 18.Qc2 c5 19.Rad1 Rbd8 20.Be4 g6 21.d5 e5 22.d6 Bxd6
23.Bxb7 Nf6 24.Bf3 Bc7 25.b4 Rxd1 26.Rxd1 e4 27.Bxc5 Qe6 28.Be2 Re8 29.Bb5 Rc8
30.Qd2 Rd8 31.Qxd8+  1-0

[Event "Karl Wagner mem 5th"]
[Site "Graz"]
[Date "1998.09.10"]
[Round "6.12"]
[White "Velickovic, Zoran"]
[Black "Barbero, Gerardo F"]
[Result "1-0"]
[WhiteElo "2290"]
[BlackElo "2440"]

1.Nf3 d5 2.g3 c6 3.c4 Nf6 4.Bg2 g6 5.d4 Bg7 6.O-O O-O 7.b3 dxc4 8.bxc4 c5
9.Bb2 cxd4 10.Nxd4 a6 11.Qb3 Nbd7 12.Rd1 Re8 13.Nc3 Rb8 14.Rac1 Qa5 15.Nd5 e6
16.Bc3 Qd8 17.Nxf6+ Bxf6 18.Nf3 Bxc3 19.Qxc3 Qe7 20.c5 e5 21.Rd5 e4 22.Nd2 e3
23.Qxe3 Qxe3 24.fxe3 Nf6 25.Rd6 Be6 26.Nb3 Re7 27.Nd4 Rc8 28.Nxe6 fxe6 29.Rb6 Nd5
30.Rxe6 Rxe6 31.Bxd5 Kf7 32.Rb1 Rxc5 33.Rxb7+ Kf6 34.Bxe6 Kxe6 35.Rb6+ Kf5
36.Rxa6 h5 37.Ra4 Rc1+ 38.Kf2 Rh1 39.h4 Ra1 40.Ra5+ Kf6 41.e4 Rc1 42.Ra6+ Kf7
43.a4 Rc3 44.a5 Ra3 45.e5 Ra1 46.Ke3 Ra4 47.Kf3 Rc4 48.Rf6+ Kg7 49.a6 Ra4
50.Rb6 Kf7 51.e4  1-0

[Event "Herzliya"]
[Site "Herzliya"]
[Date "1998.09.10"]
[Round "5"]
[White "Kanstler, Boris"]
[Black "Lev, Ronen"]
[Result "0-1"]
[WhiteElo "2535"]
[BlackElo "2460"]

1.Nf3 d5 2.g3 c6 3.Bg2 Bg4 4.b3 Nd7 5.Bb2 e6 6.O-O Ngf6 7.d3 Bd6 8.Qe1 O-O
9.e4 Ne8 10.e5 Be7 11.Nbd2 Nc7 12.Qe3 a5 13.a3 c5 14.a4 Bf5 15.h3 h6 16.Rfc1 Bh7
17.Qe2 Na6 18.Nb1 Nb4 19.Na3 Nb8 20.Nb5 N8c6 21.Nd2 Qd7 22.Nf1 Na7 23.Nxa7 Rxa7
24.Ne3 Nc6 25.Qg4 Qc7 26.Re1 Nd4 27.Bxd4 cxd4 28.Qxd4 Bc5 29.Qf4 Bb4 30.Re2 Bc3
31.Rd1 Bxe5 32.Qh4 Bf6 33.Qg4 Ra6 34.Qf4 Qxf4 35.gxf4 Bd4 36.c4 Rb6 37.Nc2 Bf6
38.cxd5 Rd8 39.dxe6 fxe6 40.Na3 Rxb3 41.Nb5 Bf5 42.d4 Rb4 43.Ra2 b6 44.Kh1 Kf8
45.Kg1 Be7 46.Bf1 Rc8 47.Bg2 Rc2 48.Rda1 Bf6 49.Bf1 Bxd4 50.Nxd4 Rxd4 51.Rxc2 Bxc2
52.Bb5 Rxf4 53.Ra2 Bb3 54.Ra3 Rb4 55.Ra1 Ke7 56.Kh2 Kd6 57.Rb1 Bc2 58.Ra1 Kd5
59.Ra2 Bb3 60.Ra1 Kd4 61.Rg1 g5 62.Ra1 Kc3 63.Rc1+ Bc2  0-1

[Event "CRO-chT"]
[Site "Porec"]
[Date "1998.09.10"]
[Round "5"]
[White "Bocina, Marija"]
[Black "Puljek Salai, Zorica"]
[Result "0-1"]
[WhiteElo "2010"]
[BlackElo "2235"]

1.Nf3 d5 2.g3 Bg4 3.Bg2 c6 4.d3 Nd7 5.Nbd2 e5 6.e4 dxe4 7.dxe4 Ngf6 8.O-O Bc5
9.c3 Qe7 10.Qc2 O-O-O 11.b4 Bb6 12.a4 h6 13.b5 cxb5 14.axb5 Qe6 15.c4 Nc5
16.Ba3 Nfd7 17.Bb4 g5 18.Ba5 Rdg8 19.Ra3 h5 20.Bxb6 axb6 21.Ra8+ Nb8 22.h4 f6
23.Re1 Bh3 24.Qc3 Qg4 25.Nh2 Qd7 26.Nhf3 Bxg2 27.Kxg2 g4 28.Nh2 Rd8 29.Nhf1 Qd3
30.Ra3 Qxc3 31.Rxc3 Rd4 32.Re2 Rhd8 33.Rc2 Nbd7 34.f3 gxf3+ 35.Kxf3 Ne6 36.Nb3 Rd3+
37.Re3  0-1

[Event "CRO-chT"]
[Site "Porec"]
[Date "1998.09.12"]
[Round "6"]
[White "Trkulja, Goran"]
[Black "Lazovic, Gordan"]
[Result "1/2-1/2"]
[WhiteElo "2270"]
[BlackElo "2315"]

1.Nf3 d5 2.g3 Nf6 3.Bg2 e6 4.O-O Be7 5.b3 O-O 6.Bb2 b6 7.c4 Bb7 8.Ne5 Nbd7
9.d3 Nxe5 10.Bxe5 Bd6 11.Bb2 Qe7 12.Nd2 Ba3 13.Bxa3 Qxa3 14.Qc1 Qxc1 15.Raxc1 c5  1/2-1/2